000 00652nam a2200277Ia 4500
005 20260324121840.0
008 008 260324s9999 xx 000 0 eng d
020 _a9780203762783
037 _aEBOOK
040 _aCRL
040 _beng
040 _cCRL
041 _2eng
041 _aeng
084 _qCRL
100 _aAlfred Schutz; Helmut R. Wagner
_91164112
245 0 _aLife Forms and Meaning Structure
260 _bTaylor and Francis
260 _c2013
365 _a
365 _b230
856 _uhttp://www.taylorfrancis.com/books/9780203762783
942 _cEBOOK
999 _c1756463
_d1756463